Sports Quiz

Random Sports or NFL Quiz

NFL Teams with only One Super Bowl Appearance Quiz Stats

 Plays Quiz not verified by Sporcle

Challenge
Share
Tweet
Embed
Score 0/6 Timer 01:00
0 Plays Today
Team % Correct
New York Jets*
74.1%
New Orleans Saints*
61.1%
San Diego Chargers
60.6%
Tampa Bay Buccaneers*
60%
Tennessee Titans
59.4%
Arizona Cardinals
59.2%

You're not logged in!

Compare scores with friends on all Sporcle quizzes.
OR
Log In

You Might Also Like...

Show Comments

Extras

Top Quizzes Today


Score Distribution

Your Account Isn't Verified!

In order to create a playlist on Sporcle, you need to verify the email address you used during registration. Go to your Sporcle Settings to finish the process.

Report this User

Report this user for behavior that violates our Community Guidelines.

Details: